[Event "SZFO-ch"]
[Site "St Petersburg"]
[Date "2009.03.26"]
[Round "6"]
[White "Ivanov, Alexander G"]
[Black "Ponikarovsky, Alexey"]
[Result "1/2-1/2"]
[WhiteElo "2119"]
[BlackElo "2358"]
[PlyCount "53"]
[EventDate "2009.03.23"]
[EventType "swiss"]
[EventRounds "9"]
[EventCountry "RUS"]
[SourceTitle "EXT 2010"]
[Source "ChessBase"]
[SourceDate "2010.11.25"]
[SourceVersion "1"]
[SourceVersionDate "2010.11.25"]
[SourceQuality "1"]

1. e4 c5 2. Nf3 Nc6 3. d4 cxd4 4. Nxd4 g6 5. Nc3 Bg7 6. Be3 Nf6 7. Nb3 0-0 8. Be2 d6 9. 0-0 Be6 10. h3 Nd7 11. Nd4 Nxd4 12. Bxd4 Bxd4 13. Qxd4 Qb6 14. Qxb6 Nxb6 15. a4 Rfc8 16. a5 Nc4 17. Bxc4 Rxc4 18. Ra4 Rac8 19. Rfa1 Kf8 20. Rxc4 Rxc4 21. Ra4 Ke8 22. Kf1 Rxa4 23. Nxa4 Bc4+ 24. Ke1 Bb5 25. Nc3 Bc6 26. Ke2 e5 27. b4 1/2-1/2

[Event "SZFO-ch"]
[Site "St Petersburg"]
[Date "2009.03.23"]
[Round "1"]
[White "Ivanov, Alexander G"]
[Black "Vlassow, Valentin"]
[Result "0-1"]
[WhiteElo "2119"]
[BlackElo "2338"]
[PlyCount "24"]
[EventDate "2009.03.23"]
[EventType "swiss"]
[EventRounds "9"]
[EventCountry "RUS"]
[SourceTitle "EXT 2010"]
[Source "ChessBase"]
[SourceDate "2010.11.25"]
[SourceVersion "1"]
[SourceVersionDate "2010.11.25"]
[SourceQuality "1"]

1. e4 e6 2. Nf3 b6 3. d4 Bb7 4. Bd3 c5 5. Bg5 Nf6 6. Nbd2 cxd4 7. Nxd4 d6 8. Qf3 Nbd7 9. Qg3 Be7 10. Nb5 Ne5 11. Bxf6 Bxf6 12. f4 Bh4 0-1

[Event "Karelian Autumn-B"]
[Site "Petrozavodsk"]
[Date "2008.10.18"]
[Round "11"]
[White "Venglinsky, Sergey A"]
[Black "Ivanov, Alexander G"]
[Result "0-1"]
[WhiteElo "1883"]
[BlackElo "2116"]
[PlyCount "72"]
[EventDate "2008.10.08"]
[EventType "tourn"]
[EventRounds "11"]
[EventCountry "RUS"]
[SourceTitle "EXT 2024"]
[Source "ChessBase"]
[SourceDate "2023.10.10"]
[SourceVersion "1"]
[SourceVersionDate "2023.10.10"]
[SourceQuality "1"]

1. d4 b6 2. e4 Bb7 3. Bd3 e6 4. Nf3 c5 5. c3 cxd4 6. cxd4 Nf6 7. Bg5 Be7 8. Nc3 d5 9. e5 Ne4 10. Bxe7 Qxe7 11. Qc2 f5 12. exf6 Nxf6 13. 0-0 Nc6 14. Rfe1 0-0 15. a3 Qd6 16. Rad1 Rae8 17. h3 e5 18. Nb5 Qb8 19. dxe5 Nxe5 20. Nxe5 Rxe5 21. Rxe5 Qxe5 22. Nxa7 Ne4 23. Bxe4 dxe4 24. Qc4+ Kh8 25. Qf7 Qb8 26. Qe7 Re8 27. Qd7 Qa8 28. Nb5 Bc6 29. Qf5 Rf8 30. Qg5 h6 31. Qe5 e3 32. fxe3 Bxg2 33. Qg3 Rf5 34. Nc7 Qe4 35. h4 Rf3 36. Qxg2 Qxe3+ 0-1

[Event "Northwest FR-ch"]
[Site "St Petersburg"]
[Date "2008.03.28"]
[Round "9"]
[White "Uliashov, Dmitriy"]
[Black "Ivanov, Alexander G"]
[Result "1-0"]
[WhiteElo "2256"]
[BlackElo "2117"]
[PlyCount "89"]
[EventDate "2008.03.21"]
[EventType "swiss"]
[EventRounds "9"]
[EventCountry "RUS"]
[SourceTitle "EXT 2022"]
[Source "ChessBase"]
[SourceDate "2021.10.06"]
[SourceVersion "1"]
[SourceVersionDate "2021.10.06"]
[SourceQuality "1"]

1. e4 Nf6 2. Nc3 d5 3. exd5 Nxd5 4. Bc4 c6 5. Nf3 Bg4 6. 0-0 e6 7. d4 Nb6 8. Be2 Bd6 9. Ne4 0-0 10. Bg5 Be7 11. Bxe7 Qxe7 12. Nc5 Nd5 13. Ne5 Bxe2 14. Qxe2 Nf4 15. Qe4 Ng6 16. Nc4 Qc7 17. h4 b6 18. Nd3 Nd7 19. h5 Nf6 20. Qf3 Nh4 21. Qh3 Nf5 22. c3 h6 23. Rfe1 Rad8 24. Rad1 Nd6 25. Nce5 Nde4 26. Qh4 Nd6 27. Ng4 Nd5 28. Qh2 c5 29. dxc5 bxc5 30. Qg3 Kh8 31. Nde5 c4 32. Qf3 Qb6 33. Re2 Qa6 34. a3 Kg8 35. Rd4 Rc8 36. Red2 Rc7 37. Ne3 Nb5 38. Rg4 Nxe3 39. Qxe3 f5 40. Rxc4 Rxc4 41. Nxc4 f4 42. Qe5 Rf5 43. Rd8+ Kh7 44. Qb8 Rxh5 45. Ne5 1-0

[Event "Northwest FR-ch"]
[Site "St Petersburg"]
[Date "2008.03.22"]
[Round "2"]
[White "Suleymanyants, Odisey"]
[Black "Ivanov, Alexander G"]
[Result "1-0"]
[WhiteElo "2250"]
[BlackElo "2117"]
[PlyCount "25"]
[EventDate "2008.03.21"]
[EventType "swiss"]
[EventRounds "9"]
[EventCountry "RUS"]
[SourceTitle "EXT 2022"]
[Source "ChessBase"]
[SourceDate "2021.10.06"]
[SourceVersion "1"]
[SourceVersionDate "2021.10.06"]
[SourceQuality "1"]

1. e4 Nf6 2. Nc3 d5 3. exd5 Nxd5 4. Nf3 Bg4 5. h3 Bh5 6. Bc4 Nb6 7. Bb3 c5 8. Ne5 Bg6 9. Qf3 e6 10. Qxb7 Bd6 11. Nc4 Qe7 12. Nb5 Nxc4 13. Bxc4 1-0

[Event "Petrozavodsk Elo-B"]
[Site "Petrozavodsk"]
[Date "2007.10.19"]
[Round "8"]
[White "Ivanov, Alexander G"]
[Black "Yakkimaienen, Vjaino"]
[Result "1-0"]
[WhiteElo "2111"]
[BlackElo "2313"]
[PlyCount "73"]
[EventDate "2007.10.11"]
[EventType "tourn"]
[EventRounds "9"]
[EventCountry "RUS"]
[SourceTitle "EXT 2009"]
[Source "ChessBase"]
[SourceDate "2008.11.26"]
[SourceVersion "1"]
[SourceVersionDate "2008.11.26"]
[SourceQuality "1"]

1. e4 Nc6 2. Nf3 d6 3. d4 Nf6 4. d5 Nb8 5. Bd3 e5 6. h3 Be7 7. c4 0-0 8. g4 Nbd7 9. Be3 Re8 10. Nbd2 Nf8 11. Nf1 Ng6 12. Qd2 c6 13. 0-0-0 cxd5 14. cxd5 Bf8 15. Ng3 Nf4 16. Bxf4 exf4 17. Qxf4 Qa5 18. Kb1 Qb4 19. Bc2 Nd7 20. Rd3 Nf6 21. Rd4 Qb6 22. g5 Nd7 23. Rd2 g6 24. h4 Bg7 25. Ba4 Qb4 26. Bxd7 Bxd7 27. h5 Rac8 28. hxg6 hxg6 29. Ne1 Be5 30. Qe3 Bxg3 31. Rd4 Qc5 32. fxg3 Rxe4 33. Rxe4 Bf5 34. Nd3 Qxd5 35. Rhh4 Bxe4 36. Qxe4 Qxg5 37. Qd4 1-0

[Event "Dubna op"]
[Site "Dubna"]
[Date "2007.08.09"]
[Round "10"]
[White "Ivanov, Alexander G"]
[Black "Nasonov, Vadim"]
[Result "0-1"]
[WhiteElo "2042"]
[BlackElo "2264"]
[PlyCount "74"]
[EventDate "2007.08.02"]
[EventType "swiss"]
[EventRounds "14"]
[EventCountry "RUS"]
[SourceTitle "EXT 2008"]
[Source "ChessBase"]
[SourceDate "2007.11.25"]
[SourceVersion "1"]
[SourceVersionDate "2007.11.25"]
[SourceQuality "1"]

1. f4 d5 2. Nf3 e6 3. e3 Nf6 4. d4 Be7 5. Bd3 b6 6. 0-0 0-0 7. c3 Bb7 8. f5 exf5 9. Bxf5 Ne4 10. Nbd2 Nd7 11. Nxe4 dxe4 12. Nd2 Nf6 13. Qc2 Bd6 14. Bxe4 Nxe4 15. Nxe4 Bxh2+ 16. Kxh2 Qh4+ 17. Kg1 Bxe4 18. Qf2 Qh5 19. Bd2 f5 20. Qf4 Rf6 21. Qh2 Qf7 22. Kf2 Rg6 23. Rg1 c5 24. b3 Re8 25. c4 f4 26. exf4 cxd4 27. g4 Qc7 28. Rae1 Qc5 29. Re2 d3+ 30. Re3 Qa3 31. Rge1 Rh6 32. Qg3 Qxa2 33. Rxe4 Qxd2+ 34. Kf3 Rxe4 35. Rxe4 Rh1 36. g5 Qd1+ 37. Ke3 d2 0-1

[Event "Dubna op"]
[Site "Dubna"]
[Date "2007.08.08"]
[Round "9"]
[White "Nozdrachev, Leonid"]
[Black "Ivanov, Alexander G"]
[Result "1-0"]
[WhiteElo "2195"]
[BlackElo "2042"]
[PlyCount "113"]
[EventDate "2007.08.02"]
[EventType "swiss"]
[EventRounds "14"]
[EventCountry "RUS"]
[SourceTitle "EXT 2008"]
[Source "ChessBase"]
[SourceDate "2007.11.25"]
[SourceVersion "1"]
[SourceVersionDate "2007.11.25"]
[SourceQuality "1"]

1. e4 Nf6 2. e5 Nd5 3. c4 Nb6 4. d4 d6 5. exd6 exd6 6. Nc3 Nc6 7. Be3 Be7 8. h3 Bf5 9. Nf3 0-0 10. Rc1 Re8 11. Be2 Bf6 12. 0-0 h6 13. a3 d5 14. c5 Nc4 15. Nxd5 Nxe3 16. Nxe3 Be4 17. d5 Ne7 18. d6 cxd6 19. cxd6 Nf5 20. Nxf5 Bxf5 21. Bd3 Be6 22. Qd2 Qb6 23. b4 Rad8 24. Rfd1 Rd7 25. Qf4 Red8 26. a4 a5 27. bxa5 Qxa5 28. Bb5 Bb2 29. Rb1 Bc3 30. Bxd7 Rxd7 31. Rbc1 g5 32. Qe3 Bf6 33. Qc5 Qxa4 34. Nd4 Qa2 35. Nxe6 Qxe6 36. Qc8+ Kg7 37. Qc5 Be5 38. Rd5 f6 39. Rcd1 h5 40. Qe3 h4 41. Rb5 Rxd6 42. Rxb7+ Kh6 43. Re1 Rd7 44. Rb6 Rd6 45. Rb7 Rd7 46. Rb6 Rd6 47. Rb8 Ra6 48. Rb7 Rd6 49. Kh1 Rd7 50. Rb6 Rd6 51. Rb8 Ra6 52. Rb4 Kg7 53. Rb7+ Kh6 54. Qd3 f5 55. Rb5 Ra1 56. Qe3 f4 57. Qe4 1-0

[Event "Dubna op"]
[Site "Dubna"]
[Date "2007.08.06"]
[Round "4"]
[White "Veliev, Gasan"]
[Black "Ivanov, Alexander G"]
[Result "1-0"]
[WhiteElo "2241"]
[BlackElo "2042"]
[PlyCount "53"]
[EventDate "2007.08.02"]
[EventType "swiss"]
[EventRounds "14"]
[EventCountry "RUS"]
[SourceTitle "EXT 2008"]
[Source "ChessBase"]
[SourceDate "2007.11.25"]
[SourceVersion "1"]
[SourceVersionDate "2007.11.25"]
[SourceQuality "1"]

1. e4 Nf6 2. e5 Nd5 3. c4 Nb6 4. c5 Nd5 5. Nc3 e6 6. d4 d6 7. cxd6 cxd6 8. Bb5+ Bd7 9. Bxd7+ Nxd7 10. Nxd5 exd5 11. Nf3 dxe5 12. dxe5 Qa5+ 13. Bd2 Bb4 14. 0-0 Bxd2 15. Nxd2 0-0 16. Nb3 Qb5 17. f4 Rac8 18. Nd4 Qxb2 19. Rf2 Qb6 20. Rb1 Qa6 21. Nf5 Kh8 22. Rfb2 Nc5 23. Nd6 Rc7 24. Qxd5 b6 25. Rd2 Qa3 26. Re1 Qa4 27. Nxf7+ 1-0

[Event "Dubna op"]
[Site "Dubna"]
[Date "2007.08.05"]
[Round "3"]
[White "Ivanov, Alexander G"]
[Black "Gulkov, Igor A"]
[Result "1/2-1/2"]
[WhiteElo "2042"]
[BlackElo "2355"]
[PlyCount "82"]
[EventDate "2007.08.02"]
[EventType "swiss"]
[EventRounds "14"]
[EventCountry "RUS"]
[SourceTitle "EXT 2008"]
[Source "ChessBase"]
[SourceDate "2007.11.25"]
[SourceVersion "1"]
[SourceVersionDate "2007.11.25"]
[SourceQuality "1"]

1. e4 c5 2. Nf3 d6 3. d4 cxd4 4. Nxd4 Nf6 5. Nc3 e6 6. f3 e5 7. Nb3 Be6 8. Be3 Be7 9. Qd2 0-0 10. 0-0-0 Nbd7 11. g4 Nb6 12. h4 Rc8 13. h5 Nfd7 14. g5 f5 15. gxf6 Nxf6 16. Kb1 Nc4 17. Bxc4 Rxc4 18. Rdg1 Kh8 19. Qg2 Rf7 20. Ne2 b5 21. Ng3 Qc7 22. Nf5 Bxf5 23. exf5 Nd5 24. Bc1 Bf8 25. h6 Nf4 26. hxg7+ Rxg7 27. Qh2 Rxg1 28. Rxg1 Qf7 29. Nd2 Rc8 30. Ne4 Qxf5 31. Qg3 Qf7 32. Ng5 Qf5 33. Ne4 Ng6 34. Qh2 Be7 35. Bg5 d5 36. Bxe7 dxe4 37. fxe4 Qxe4 38. Bf6+ Kg8 39. Bxe5 Re8 40. Bc3 b4 41. Bd2 a5 1/2-1/2